00422nam a2200157 a 4500001000500000005001700005008004100022020001800063050001700081245003300098260005500131300002500186440001600211650001500227650002200242335620140414131926.0040719s19uu xx 00 eng d a84-7773-760-6 aERbP57 2002 aPied Piper of Hamelin (The). aManila, Philippines :bNational Book Store,c2002. a1 v. p. : ill. ; cm. aBig Stories aFolktales. aAnimalsxFiction.